000 01134nam a22002177a 4500
999 _c61166
_d61166
005 20231226173658.0
008 231226s2013 ru ||||| |||| 00| 0 rus d
020 _a9789941016523
041 _arus
080 _a94(479.224) Э-17
100 _a Эгнаташвили, Бери
_920895
245 _aНовая история Грузии /
_cБери Эгнаташвили; Перевод со старогрузинского и предисловие Гиви В. Цулая; Ред. Р. Метревели; Национ. акад. наук Грузии. Комиссия по источникам истории Грузии.
264 _aТбилиси,
_c2013.
300 _a192 с.:
_b21 см.
653 _aსაქართველო
653 _aახალი ისტორია
700 _aЦулая, Гиви В.
_eმთარგმნელი
_920896
700 _aМетревели, Р.
_eრედაქტორი
_920546
710 _aНацион. акад. наук Грузии.
_dКомиссия по источникам истории Грузии
_920897
942 _2udc
_cᲬᲘᲒᲜᲘ